Antiguo dueño del silencio / (Registro nro. 2287)
[ vista simple ]
| 000 -LEADER | |
|---|---|
| fixed length control field | 01675nam a2200205 a 4500 |
| 008 - CAMPO DE CONTROL (LIBRO) | |
| fixed length control field | 161215t2011 spa |||g ||| 001 p spa d |
| 020 ## - INTERNATIONAL STANDARD BOOK NUMBER | |
| ISBN | 9789873302824 |
| 041 ## - CODIGO DE IDIOMA | |
| Código de idioma del texto/pista de sonido o título separado | spa |
| 092 ## - SIGNATURA TOPOGRAFICA DEWEY LOCAL | |
| número de clasificación | 808.8 |
| libristica | 10 |
| sección | CAR |
| 100 1# - ENTRADA PRINCIPAL--NOMBRE PERSONAL | |
| Nombre personal | Carozzi, Norma Aida |
| 9 (RLIN) | 3100 |
| 245 ## - TITULO PROPIAMENTE DICHO | |
| Título | Antiguo dueño del silencio / |
| Mención de responsabilidad y remanente de la transcripción de la portada | Norma Aida Carozzi |
| 250 ## - MENCION DE EDICION | |
| Mención de edición | 1a ed. |
| 260 ## - PIE DE IMPRENTA | |
| Lugar de publicación, distribución, etc | Neuquén [ARG.]: |
| Nombre de la editorial, distribuidor, etc | S/E; |
| Fecha de publicación | 2011. |
| 300 ## - DESCRIPCION FISICA | |
| Extension | 134 p. |
| Dimensiones | 21x14.5 cm. |
| 500 ## - NOTA GENERAL | |
| Nota general | Carozzi, N. A. (2011). Antiguo dueño del silencio. (1a ed.). Neuquén : La Comercial. |
| 505 ## - NOTA DE CONTENIDO | |
| Nota de contenido formateada | Norma Carozzi nació en Olivos -norte del conurbano bonaerense- y a los dos años su familia de mudó a Glew, donde transcurrió su infancia y adolescencia. Tenía apenas nueve años cuando comenzó a escribir pequeñas obras para representar en la escuela primaria y a los doce su vocación se inclino por la poesía, inspirada por el entonces bucólico paisaje del pueblo de su niñez. De esa época datan sus colaboraciones en diarios de la zona. Más tarde, instalada en la Capital Federal, estudió en la UBA la carrera de Letras y en 1984 llegó a Cipolletti, su "lugar en el mundo" como gusta decir, desde donde inició un largo período de participaciones en distintas Antologías y varias premiaciones y pasó a formar parte del Centro de Escritores "Ing. César Cipolletti", que cobija sus inquietudes literarias. En este su primer libro, nos invita a recorrer los senderos que transitó su poesía por esta Patagonia ancestral y porfiada, tras los pasos de aquel "Antiguo dueño del silencio" que nos precedió en el tiempo. |
| 590 ## - NOTAS LOCALES (RLIN) | |
| Nota local | Donación Carozzi, Norma Aida. Proyecto 4to libro |
| 655 ## - MATERIA - GENERO/FORMA | |
| Género/Forma | Poesia |
| -- | 2929 |
| 942 ## - ADDED ENTRY ELEMENTS (KOHA) | |
| Source of classification or shelving scheme | Dewey Decimal Classification |
| Item type | LITERATURA |
| Estado de retiro | Existencia | Fuente de clasificación | Estado general | No para prestamo | Colección | Ubicación permanente | ubicación actual | Sala de ubicación | Fecha de adquisición | Fuente de adquisición | Total Checkouts | Número de clasificación | Código de barras | Date last seen | Número de ejemplar | Price effective from | Koha tipo de elemento (item) | Public note |
|---|---|---|---|---|---|---|---|---|---|---|---|---|---|---|---|---|---|---|
| Dewey Decimal Classification | Fiction | Biblioteca Medicina | Biblioteca Medicina | Circulación | 20/02/2017 | Donación Carozzi, Norma Aida. 2016 | 808.8 10 CAR | 3742 | 20/02/2017 | Ej.1 | 20/02/2017 | LITERATURA | Proyecto 4to libro. Donación Carozzi Norma |